Guess the Artist of Album Covers #4 - Statistics

General Stats
  • This quiz has been taken 161 times
  • The average score is 10 of 16
Answer Stats
Picture Answer % Correct
The Beatles
95%
The Weeknd
93%
Olivia Rodrigo
86%
Arctic Monkeys
80%
Ed Sheeran
80%
KISS
78%
Taylor Swift
73%
Tyler, the Creator
69%
Kendrick Lamar
64%
Weezer
63%
Queen
51%
Bjork
46%
The White Stripes
45%
Bad Bunny
35%
Paramore
32%
Eminem
31%
No matching quizzes found
Score Distribution
Percent of People with Each Score
Percentile by Number Answered
Your Score History
You have not taken this quiz